000 01589cam a22001934a 4500
005 20250605164341.0
008 250528s ||||||||||||||||||||||||d
035 _a23595
040 _aGR-AtMCL
_bgre
_dGR-AtMCL
_eAACR2
245 1 _aΕκμάθηση Ξένων Γλωσσών και Ποιότητα/Η Εικόνα στην Ευρωπαϊκή Ένωση και η Προσπάθεια Εφαρμογής της Ποιότητας στα Κέντρα Ξένων Γλωσσών στην Ελλάδα
260 _c2011
300 _a49
520 _aΕισαγωγή, Η Έννοια της Ποιότητας και η Διοίκηση Ολικής Ποιότητας (Δ.Ο.Π.), Εκμάθηση Ξένων Γλωσσών και Σημασία της, Εκπαίδευση και Ποιότητα, Γλώσσες και Ευρωπαϊκή Ένωση, Εφαρμογή της Διοίκησης Ολικής Ποιότητας στα Κέντρα Ξένων Γλωσσών στην Ελλάδα, Οι Έννοιες Πελάτης-Προμηθευτής, Ηγεσία, Κουλτούρα, Μάθηση και Διδασκαλία, Οικονομικοί Πόροι, Αξιολόγηση, Περίληψη, Μεθοδολογία, Ανάλυση και Αποτελέσματα, Συμπεράσματα, Ποότητα και Γλωσσομάθεια, Προτάσεις, Αντί Επιλόγου, Παραπομπές.
700 1 _aΓρηγορίου Εύα
_99182
700 1 _aΚερατζάκης Ιωάννης
_99183
942 _cDS
999 _c8596
_d8596